| 000 | 00891cab a2200253 4500 | ||
|---|---|---|---|
| 001 | ABS42369 | ||
| 008 | 090401t1990 xxu||||| |||| 00| 0 eng d | ||
| 035 | _a(Sirsi) u36399 | ||
| 041 | _aeng | ||
| 100 | _aDale, G. | ||
| 245 | _aRent review hypothesis | ||
| 260 | _c1990 | ||
| 350 | _a0 | ||
| 490 |
_aRent Review & Lease Renewal _v10(2) 1990, 109-117(9) |
||
| 520 | _aAnalyses the current state of rent review with the growing use of hypothetical leases in review and the use of open market letting as a basis for review with reference to case law . | ||
| 650 | _aBASINGSTOKE AND DEANE BC V HOST GROUP LTD | ||
| 650 | _aFR EVANS LEEDS LTD V ENGLISH ELECTRIC CO LTD | ||
| 650 | _aGLOFIELD PROPERTIES LTD V MORLEY AND ANOTHER | ||
| 650 | _aOPEN MARKET VALUE | ||
| 650 | _aRENT FREE PERIODS | ||
| 690 | _aLANDLORD AND TENANT-RENT REVIEWS | ||
| 942 | _n0 | ||
| 948 | _c04/03/1997 | ||
| 999 |
_c23654 _d23654 |
||